Statistics for Countries That Start with L (with a map)

Click here to take the quiz!

General Stats

  • This quiz has been taken 353 times
  • The average score is 8 of 9

Answer Stats

Hint Hint Country % Correct
434.376.3Lithuania
97%
438.070.6Latvia
97%
419.3172.9Libya
91%
610.3194.9Laos
91%
359.2239.6Liberia
91%
402.0103.1Liechtenstein
90%
394.394.2Luxembourg
88%
444.0360.5Lesotho
85%
461.7146.8Lebanon
81%

Score Distribution

Percentile by Number Answered

Percent of People with Each Score

Your Score History

You have not taken this quiz